|
|
|
|
| LEADER |
01088nam a22003252i 4500 |
| 001 |
000363714 |
| 003 |
CZ BrMZK |
| 005 |
20171004085546.0 |
| 007 |
ta |
| 008 |
010907s1973 xr f cze d |
| 040 |
|
|
|a BOA001
|b cze
|e rda
|
| 072 |
|
7 |
|a 633
|x Rostlinná výroba
|2 Konspekt
|9 24
|
| 080 |
|
|
|a 633.2/.3
|2 MRF
|
| 080 |
|
|
|a 631.55
|2 MRF
|
| 080 |
|
|
|a (041)
|2 MRF
|
| 100 |
1 |
|
|a Pehal, Felix
|7 jk01092278
|4 aut
|
| 245 |
1 |
0 |
|a Sklizeň pícnin /
|c Felix Pehal
|
| 264 |
|
1 |
|a [Brno] :
|b [Ústřední podnik zemědělské techniky],
|c [1973]
|
| 300 |
|
|
|a 19 stran
|
| 336 |
|
|
|a text
|b txt
|2 rdacontent
|
| 337 |
|
|
|a bez média
|b n
|2 rdamedia
|
| 338 |
|
|
|a svazek
|b nc
|2 rdacarrier
|
| 650 |
0 |
7 |
|a pícniny
|7 ph115973
|2 czenas
|
| 650 |
0 |
7 |
|a sklizeň zemědělských plodin
|7 ph241145
|2 czenas
|
| 655 |
|
7 |
|a brožury
|7 fd131925
|2 czenas
|
| 772 |
0 |
8 |
|i Samostatná příloha seriálu:
|t Zpravodaj zemědělské techniky,
|g 1973, č. 5-7
|
| 910 |
|
|
|a BOA001
|b X-0733.820
|
| 990 |
|
|
|a BK
|
| 991 |
|
|
|b 201705
|
| 996 |
7 |
|
|b 2619825448
|c X-0733.820
|l MZK
|r Sklad / do 24 hodin
|n 4
|w 000363714
|u 000010
|a 1
|e BOA001
|j MZK50
|s A
|